Encyclopedia of common natural ingredients : used in food, drugs, and comestics /
Đã lưu trong:
| Príomhúdar: | |
|---|---|
| Formáid: | Leabhar |
| Teanga: | English |
| Foilsithe: |
New York :
Wiley-VCH,
1996.
|
| Eagrán: | 2nd ed. |
| Ábhair: | |
| Clibeanna: |
Cuir Clib Leis
Gan Chlibeanna, Bí ar an gcéad duine leis an taifead seo a chlibeáil!
|
| Thư viện lưu trữ: | Mạng thư viện Đại học Đà Nẵng |
|---|
| LEADER | 00882cam a2200337 i 4500 | ||
|---|---|---|---|
| 001 | 000045717 | ||
| 003 | 4912 | ||
| 005 | 20030304112818.0 | ||
| 008 | 010220|1996 vm 000 eng | ||
| 020 | |a 0471508268 | ||
| 040 | |a IRC |c IRC |d IRC | ||
| 041 | 0 | |a eng | |
| 082 | 1 | 4 | |a 660.63 |b LE-A |
| 100 | 1 | |a Leung, Alberty. | |
| 245 | 0 | 0 | |a Encyclopedia of common natural ingredients : |b used in food, drugs, and comestics / |c Alberty Leung. |
| 250 | |a 2nd ed. | ||
| 260 | |a New York : |b Wiley-VCH, |c 1996. | ||
| 300 | |a xxxv, 649p. | ||
| 630 | 0 | 4 | |a Encyclopedias. |
| 630 | 0 | 4 | |a Natural products. |
| 650 | 0 | 4 | |a Natural products |v Encyclopedias. |
| OWN | |a DUT | ||
| 999 | |a From the UDN01 | ||
| TYP | |a Monograph | ||
| TYP | |a Printed language | ||
| 980 | |a Mạng thư viện Đại học Đà Nẵng | ||


